000 00310nam a2200133Ia 4500
008 220803s9999 xx 000 0 und d
041 _aeng
082 _a891.46 MAR
100 _aMarathe P
_925174
245 _aMee Jinknarach
260 _aPune
_bDaimand Publication
_c2014
300 _a148p
500 _aARCHI
999 _c16017
_d16017